| 000 | 00423nam a2200133Ia 4500 | ||
|---|---|---|---|
| 008 | 230907s9999||||xx |||||||||||||| ||und|| | ||
| 082 |
_a621.31 _bSAN |
||
| 100 | _aSantoso, Surya. | ||
| 245 | 0 | _aFundamentals of electric power quality / | |
| 260 |
_aPublished by Surya Santoso through CreateSpace, _bAustin, Tex. : _c2012 |
||
| 300 | _axxvi, 273 p. : | ||
| 650 | _aTextbooks. Textbooks. Textbooks. Textbooks. | ||
| 942 | _cBK | ||
| 999 |
_c601602 _d601602 |
||